Produktivita práce na Slovensku v období kríz v porovnaní so susednými krajinami a EÚ27

Produktivita práce a jej vývoj od roku 2008 po súčasnosť. Počas sledovaného obdobia zasiahli ekonomiky krajín dve veľké krízy a to hospodárska kríza a kríza spôsobená pandémiou ochorenia COVID-19. Definícia produktivity práce a následne sledovaný vývoj ukazovateľa produkčnej kapacity v SR a porovnan...

Descrizione completa

Salvato in:
Dettagli Bibliografici
Autore principale: Jenčová, Juliána, 1996-
Altri autori: Michňová, Mária, 1996-
Natura: Capitolo di libro
Lingua:slovacco
Soggetti:
Tags: Aggiungi Tag
Nessun Tag, puoi essere il primo ad aggiungerne!!

MARC

LEADER 00000naa$a2200000$$$4500
001 0281289
005 20240502074356.2
041 0 |a slo 
044 |a SK 
245 1 0 |a Produktivita práce na Slovensku v období kríz v porovnaní so susednými krajinami a EÚ27  |c Juliána Jenčová, Mária Michňová 
520 |a Produktivita práce a jej vývoj od roku 2008 po súčasnosť. Počas sledovaného obdobia zasiahli ekonomiky krajín dve veľké krízy a to hospodárska kríza a kríza spôsobená pandémiou ochorenia COVID-19. Definícia produktivity práce a následne sledovaný vývoj ukazovateľa produkčnej kapacity v SR a porovnaný s vývojom vybraných krajín v rámci štátov Európskej únie. 
610 2 0 |a produktivita práce 
610 2 0 |a hodnota pridaná 
610 2 0 |a zamestnanosť 
610 2 0 |a rast hospodársky 
100 1 |a Jenčová, Juliána, 1996- 
700 1 |a Michňová, Mária, 1996-